000 00652nam a2200193Ia 4500
003 GCL
008 140319s9999 xx 000 0 ara d
040 _aGCL /
_cGCL
082 0 4 _aد
_b050
_bد هـ
100 1 _aمحمد انور شكرى
245 1 0 _aالهلال اكتوبر 2004 : القراءة فى عصر الكومبيوتر /
_cمحمد انور شكرى
260 _aالقاهرة :
_bدار الهلال للطباعة والنشر
300 _a296 ص
490 _a
650 0 4 _aالحضارة الفرعونية
650 0 4 _aالاثار الفرعونية
650 0 4 _aالفن المصرى القديم
942 _2ddc
_cCR
999 _c58630
_d58630